000 01005nam0a22002771 4500
001 v19\rc\1705730
005 20061002162910.8
035 _a(NLR Aleph) 004806678
090 _a4885152
_c4885152
100 _a20061002e18991898|||y0rusy50 ca
101 0 _arus
102 _aRU
105 _aa z |||||
200 1 _aИз путевых записок поклонника святым местам священного Востока
_f[Соч.] Свящ. А.В. Анисимова
210 _aМосква
_cУнив. тип.
_d1899
215 _a[2], 129 с., 3 л. ил.
_d22
311 _aОтт. из "Душеполез. чтения" 1898-1899 гг.
488 0 _12001#$aДушеполезное чтение$v1898-1899
700 1 _aАнисимов
_bА. В.
_gАлександр Васильевич
801 0 _aRU
_bNLR
_gpsbo
801 0 _aRU
_bRuMoRGB
_2psbo
801 1 _aRU
_bProSoft-M
_2rusmarc
852 _aNLR
_j20.101.6.349
899 _aRuMoRGB
_jS 38/258
942 _cBOOK
980 _aNB